| 000 | 00364 a2200157 4500 | ||
|---|---|---|---|
| 001 | 188264 | ||
| 020 | _a85-86369-06-3 | ||
| 040 | _cMagnum | ||
| 100 | _aBrito, Iêda Maria Luz | ||
| 240 | 1 | 0 |
_aPrimeiras cruzadinhas _lpor |
| 245 | 1 | 0 | _aPrimeiras cruzadinhas |
| 300 | _a55 | ||
| 362 | 0 | _a2008 | |
| 697 | _aEDUCAÇÃO EM GERAL E DISCIPLINAS AFINS | ||
| 942 | _cBK | ||
| 999 |
_c188264 _d188264 |
||